书目信息 |
| 题名: |
环境监测新技术
|
|
| 作者: | 齐文启 编著 | |
| 分册: | ||
| 出版信息: | 北京 化学工业出版社 2004 |
|
| 页数: | 780页 | |
| 开本: | 26cm | |
| 丛书名: | ||
| 单 册: | ||
| 中图分类: | X83 | |
| 科图分类: | ||
| 主题词: | 环境监测--技术 , 环境监测 | |
| 电子资源: | ||
| ISBN: | 7-5025-4787-8 | |
| 000 | 00731nam0 2200241 450 | |
| 001 | 002561355 | |
| 005 | 20080225094306.28 | |
| 010 | @a7-5025-4787-8@dCNY108.00 | |
| 100 | @a20040116d2004 em y0chiy0110 ea | |
| 101 | 0 | @achi |
| 102 | @aCN@b110000 | |
| 105 | @ay z 000yy | |
| 106 | @ar | |
| 200 | 1 | @a环境监测新技术@Ahuan jing jian ce xin ji shu@f齐文启等编著 |
| 210 | @a北京@c化学工业出版社@d2004 | |
| 215 | @a780页@d26cm | |
| 330 | @a本书内容包括全球重大环境问题及相关监测技术、烟气固定源监测与常规大气监测、放射性核素污染及监测、水质监测等。 | |
| 606 | 0 | @a环境监测@x技术 |
| 606 | 0 | @a环境监测 |
| 690 | @aX83@v4 | |
| 701 | 0 | @a齐文启@Aqi wen qi@c(环境监测)@4编著 |
| 801 | 0 | @aCN@bNLC@c20080225 |
| 905 | @dX83@e131@f2 | |
| 环境监测新技术/齐文启等编著.-北京:化学工业出版社,2004 |
| 780页;26cm |
| ISBN 7-5025-4787-8:CNY108.00 |
| 本书内容包括全球重大环境问题及相关监测技术、烟气固定源监测与常规大气监测、放射性核素污染及监测、水质监测等。 |
| ● |
| 相关链接 |
|
|
|
|
正题名:环境监测新技术
索取号:X83/131
 
预约/预借
| 序号 | 登录号 | 条形码 | 馆藏地/架位号 | 状态 | 备注 |
| 1 | 0614804 | 206148042 | 第二样本阅览室/ [索取号:X83/131] | 在馆 | |
| 2 | 0614805 | 206148051 | 第三借阅区/ [索取号:X83/131] | 在馆 |